| 000 | 00590nam a2200205Ii 4500 | ||
|---|---|---|---|
| 003 | JO-AjNU | ||
| 008 | 230606s9999||||xx |||||||||||||| ||und|| | ||
| 040 |
_aJO-AjNU _beng _erda _cJO-AjNU |
||
| 041 | _aeng | ||
| 050 | 1 | 4 | _aPR5014.P7.1969 |
| 100 | 3 |
_apritchett,U.S, _eauthor _95445 |
|
| 245 | 0 | 0 | _aGeorge Mereditb and English Comedy: the Clark Lectures for 1969 |
| 250 | _a1 ed | ||
| 264 | 3 | 1 | _aNew York :Random House , 1969 |
| 300 | _a123p | ||
| 336 |
_atext _btxt _2rdacontent |
||
| 337 |
_aunmediated _bn _2rdamedia |
||
| 338 |
_avolume _bnc _2rdacarrier |
||
| 650 | 4 |
_aComedy _95446 |
|
| 999 |
_aE2814 _c2812 _d2812 |
||